Zmizelá Šumava. 1 /
Audiokniha odhaluje příběhy dnes již zaniklých osad na Šumavě včetně osudů zdejších obyvatel.
Uloženo v:
| Hlavní autor: | |
|---|---|
| Další autoři: | , , |
| Médium: | E-audiokniha |
| Jazyk: | Czech |
| Vydáno: |
Praha :
Voxi,
[2020]
|
| Témata: | |
| Tagy: |
Žádné tagy |
| LEADER | 04434nim a2200937 i 4500 | ||
|---|---|---|---|
| 001 | 313101 | ||
| 003 | CZ PrSKC | ||
| 005 | 20260601215735.0 | ||
| 007 | sd fungnnmmned | ||
| 008 | 210210t20202020xr nnnng h n cze | ||
| 015 | |a cnb003307286 | ||
| 024 | 3 | |a 8594050431638 | |
| 040 | |a ABA001 |b cze |e rda | ||
| 043 | |a e-xr--- |b e-xr-cc |2 czenas | ||
| 045 | |a x-x- | ||
| 072 | 7 | |a 94(437) |x Dějiny Česka a Slovenska |2 Konspekt | |
| 080 | |a 316.728 |2 MRF | ||
| 080 | |a 911.373-021.142 |2 MRF | ||
| 080 | |a 94(437.31-13) |2 MRF | ||
| 080 | |a 908(437.31-13) |2 MRF | ||
| 080 | |a (437.31-13) |2 MRF | ||
| 080 | |a (0:82-32) |2 MRF | ||
| 080 | |a (084.12) |2 MRF | ||
| 080 | |a (086.7)08 |2 MRF | ||
| 080 | |a (086.76) |2 MRF | ||
| 100 | 1 | |a Kintzl, Emil, |d 1934-2022 |7 xx0053120 |4 aut | |
| 245 | 1 | 0 | |a Zmizelá Šumava. |n [1] / |c Emil Kintzl, Jan Fischer |
| 264 | 1 | |a Praha : |b Voxi, |c [2020] | |
| 264 | 4 | |c ©2020 | |
| 300 | |a 1 audiodisk (3 hod., 4 min.) ; |c 12 cm | ||
| 306 | |a 030400 | ||
| 336 | |a mluvené slovo |b spw |2 rdacontent | ||
| 337 | |a audio |b s |2 rdamedia | ||
| 338 | |a audiodisk |b sd |2 rdacarrier | ||
| 344 | |a digital |b optical |2 rda | ||
| 347 | |a audio soubor |b MP3 |2 rda | ||
| 500 | |a Název z disku | ||
| 500 | |a "21 příběhů z míst, která na dnešních mapách Šumavy už nenaleznete!"--Pouzdro | ||
| 500 | |a Nezkrácená audiokniha ve formátu mp3 | ||
| 500 | |a Podle stejnojmenné knihy vydané nakladatelstvím Kniha Zlín v roce 2015 | ||
| 508 | |a Režie Václav Knop | ||
| 511 | 0 | |a Čte Petr Štěpánek | |
| 520 | 2 | |a Audiokniha odhaluje příběhy dnes již zaniklých osad na Šumavě včetně osudů zdejších obyvatel. |b Do osudů obyvatel Šumavy nemilosrdně zasáhly "velké" dějiny 20. století, nejprve obě světové války, poté odsun německých obyvatel, neprodyšné uzavření hranice a vytvoření vojenského výcvikového prostoru, kterému musely ustoupit nuceně vysídlené obce i osady. Emil Kintzl, pro nějž je Šumava celoživotní láskou, a Jan Fischer, režisér stejnojmenných dokumentů internetové televize Stream.cz, poutavě a jadrně líčí svérázný život horalů a připomínají bohatou průmyslovou a kulturní historii tohoto regionu. Nakladatelská anotace. | |
| 648 | 7 | |a 20. století |7 ch460558 |2 czenas | |
| 650 | 0 | 7 | |a každodenní život |7 ph121555 |z Česko |y 20. století |2 czenas |
| 650 | 0 | 7 | |a zaniklé obce |7 ph127539 |z Česko |2 czenas |
| 651 | 7 | |a Šumava (pohoří : oblast) |7 ge128618 |x dějiny |y 20. století |2 czenas | |
| 651 | 7 | |a Šumava (pohoří) |7 ge128617 |x vlastivěda |2 czenas | |
| 655 | 7 | |a příběhy |7 fd133204 |2 czenas | |
| 655 | 7 | |a audioknihy |7 fd119452 |2 czenas | |
| 655 | 7 | |a kompaktní disky |7 fd201991 |2 czenas | |
| 700 | 1 | |a Fischer, Jan, |d 1960- |7 xx0067530 |4 aut | |
| 700 | 1 | |a Knop, Václav, |d 1949- |7 xx0079830 |4 drt | |
| 700 | 1 | |a Štěpánek, Petr, |d 1948- |7 jn19981002477 |4 nrt | |
| 900 | |a ABA001 |b 18 | ||
| 044 | |a xr | ||
| 505 | 0 | 0 | |t Prolog (6 min., 14 sek.) |
| 505 | 0 | 0 | |t Pašeráci z Plání (9 min., 42 sek.) |
| 505 | 0 | 0 | |t Utopenec na jezeře (7 min., 49 sek.) |
| 505 | 0 | 0 | |t Vojákem dvou armád (6 min., 59 sek.) |
| 505 | 0 | 0 | |t Poklad na Wunterbachu (6 min., 38 sek.) |
| 505 | 0 | 0 | |t Tanec s mrtvolami (6 min., 43 sek.) |
| 505 | 0 | 0 | |t Po nás paseka (9 min., 4 sek.) |
| 505 | 0 | 0 | |t Na střelnici u Prášil (8 min., 56 sek.) |
| 505 | 0 | 0 | |t Farářem na Mouřenci (7 min., 35 sek.) |
| 505 | 0 | 0 | |t Poslední Šumavský obr (9 min., 6 sek.) |
| 505 | 0 | 0 | |t Deset mrtvých Američanů (7 min., 43 sek.) |
| 505 | 0 | 0 | |t Poslední skauti (9 min., 35 sek.) |
| 505 | 0 | 0 | |t Brokovnicí do zad (12 min., 37 sek.) |
| 505 | 0 | 0 | |t Juránkova chata (7 min., 12 sek.) |
| 505 | 0 | 0 | |t Šňupeček a pivíčko (7 min., 4 sek.) |
| 505 | 0 | 0 | |t Sto roků na lyžích (7 min., 5 sek.) |
| 505 | 0 | 0 | |t Štědrovečerní havárie (13 min., 29 sek.) |
| 505 | 0 | 0 | |t Tragédie na Ždánově (6 min., 46 sek.) |
| 505 | 0 | 0 | |t Vraždy na Filipově huti (12 min., 47 sek.) |
| 505 | 0 | 0 | |t Sloní potok (7 min., 42 sek.) |
| 505 | 0 | 0 | |t S kudlou v břiše (7 min., 30 sek.) |
| 505 | 0 | 0 | |t Hotel Seno (5 min., 34 sek.) |
| 910 | |a RBIT002 | ||
| 998 | |d 354355 |a https://core.palmknihy.cz/api/books/354355/cover?sia8tg |b https://core.palmknihy.cz/api/books/354355/cover/400?sia8tg |c https://core.palmknihy.cz/api/books/354355/cover/50?sia8tg |e 2030-12-31 |i 8594050431638 |l 11040 |q 49 |r 1 |s https://www.palmknihy.cz/kniha/354355 |t audiobook |y 2021 |z 0 | ||
| 999 | |d 313099 | ||